[Event "AUS-ch"]
[Site "Gosford"]
[Date "1988.01.02"]
[Round "5.2"]
[White "Reilly, Tim"]
[Black "Laird, Craig"]
[Result "1-0"]
[WhiteElo "2218"]
[BlackElo "2367"]
[PlyCount "119"]
[EventDate "1987.??.??"]
[EventType "swiss"]
[EventRounds "13"]
[EventCountry "AUS"]
[SourceTitle "EXT 2003"]
[Source "ChessBase"]
[SourceDate "2002.11.25"]
[SourceVersion "1"]
[SourceVersionDate "2002.11.25"]
[SourceQuality "1"]

1. d4 d5 2. c4 dxc4 3. Nc3 a6 4. e4 Nc6 5. Nf3 b5 6. a4 b4 7. Na2 Nf6 8. Bxc4 e6 9. e5 Nd5 10. Bg5 Qd7 11. Nc1 h6 12. Be3 Na5 13. Be2 Bb7 14. 0-0 c5 15. Nb3 Nxe3 16. fxe3 Nxb3 17. Qxb3 Rc8 18. Rfd1 cxd4 19. Rxd4 Qc7 20. Rc4 Bc5 21. Rac1 Qb6 22. Nd4 Bd5 23. Rxb4 Qd8 24. Rbc4 Bxc4 25. Rxc4 0-0 26. Qc3 Bxd4 27. exd4 Qd7 28. b3 Rxc4 29. Bxc4 a5 30. Kf2 f6 31. exf6 Rxf6+ 32. Ke3 Qd6 33. Qxa5 Qf4+ 34. Kd3 Qf1+ 35. Ke3 Qf2+ 36. Kd3 Qxg2 37. Qd8+ Kh7 38. Kc3 Qg6 39. Kb4 Qe4 40. a5 Qb7+ 41. Qb6 Qe4 42. Qd8 Qe1+ 43. Kb5 Rf5+ 44. Ka6 Qe3 45. b4 Rf4 46. b5 Rxd4 47. Qc8 Rd6+ 48. b6 Qe5 49. Qc7 Qd4 50. Bb5 Rd5 51. Qc2+ Kh8 52. Qc8+ Rd8 53. b7 Qd6+ 54. Ka7 Qd4+ 55. Ka6 Qd6+ 56. Ka7 Qd4+ 57. Ka8 Kh7 58. b8Q Qd5+ 59. Qc6 Rxb8+ 60. Kxb8 1-0

[Event "AUS-ch"]
[Site "Gosford"]
[Date "1987.12.31"]
[Round "4.4"]
[White "Laird, Craig"]
[Black "Levi, Eddy"]
[Result "1-0"]
[WhiteElo "2367"]
[BlackElo "2136"]
[PlyCount "67"]
[EventDate "1987.??.??"]
[EventType "swiss"]
[EventRounds "13"]
[EventCountry "AUS"]
[SourceTitle "EXT 2003"]
[Source "ChessBase"]
[SourceDate "2002.11.25"]
[SourceVersion "1"]
[SourceVersionDate "2002.11.25"]
[SourceQuality "1"]

1. d4 c5 2. d5 e5 3. e4 d6 4. Nc3 Nf6 5. Nf3 Be7 6. Bb5+ Nbd7 7. a4 0-0 8. 0-0 Ne8 9. Ra3 g6 10. Bh6 Ng7 11. Qd2 Nf6 12. h3 Kh8 13. a5 a6 14. Bc4 Ng8 15. Bxg7+ Kxg7 16. Na4 f5 17. exf5 gxf5 18. Nb6 Rb8 19. Qe2 Bf6 20. Nd2 Ne7 21. f4 Kh8 22. fxe5 Bxe5 23. Raf3 f4 24. Bd3 Nf5 25. Rxf4 Bxf4 26. Rxf4 Ng7 27. Qf3 Rxf4 28. Qxf4 Qe7 29. Ne4 Bf5 30. Nxd6 Bxd3 31. Nf7+ Kg8 32. Nh6+ Kh8 33. Qxb8+ Ne8 34. cxd3 1-0

[Event "AUS-ch"]
[Site "Gosford"]
[Date "1987.12.30"]
[Round "3.6"]
[White "Harrison, Kevin J"]
[Black "Laird, Craig"]
[Result "0-1"]
[WhiteElo "2128"]
[BlackElo "2367"]
[PlyCount "40"]
[EventDate "1987.??.??"]
[EventType "swiss"]
[EventRounds "13"]
[EventCountry "AUS"]
[SourceTitle "EXT 2003"]
[Source "ChessBase"]
[SourceDate "2002.11.25"]
[SourceVersion "1"]
[SourceVersionDate "2002.11.25"]
[SourceQuality "1"]

1. d4 d5 2. c4 dxc4 3. Nf3 a6 4. a4 Nf6 5. e3 Bg4 6. Bxc4 e6 7. Nc3 Nc6 8. 0-0 Bb4 9. Be2 0-0 10. Qc2 Re8 11. Rd1 Bf5 12. Qb3 Qe7 13. Bd2 Na5 14. Qa2 Bc2 15. Rdc1 Bb3 16. Qb1 Rad8 17. Na2 Bxd2 18. Nxd2 e5 19. Rc5 exd4 20. Rxa5 Bxa2 0-1